[Event "FIDE WCC 2018"]
[Site "Khanty-Mansiysk"]
[Date "2018.11.07"]
[Round "2.2"]
[White "Tan, Zhongyi"]
[Black "Tokhirjonova, Gulrukhbegim"]
[Result "1/2-1/2"]
[WhiteElo "2513"]
[BlackElo "2435"]
[Annotator "TA"]
[PlyCount "87"]
[EventDate "2018.11.03"]
[EventType "k.o."]
[EventCountry "RUS"]
[SourceTitle "playchess.com"]
[Source "ChessBase"]
[SourceQuality "1"]

{[%evp 13,87,35,35,35,33,24,28,27,35,35,35,31,35,40,47,32,49,55,55,33,61,53,73,59,36,60,95,95,96,86,92,89,102,94,100,85,104,108,109,102,97,104,101,100,97,95,91,82,82,89,93,100,100,79,81,82,80,83,85,79,76,78,94,94,83,86,147,124,133,110,115,26,28,0,8,-8]} 1. d4 d5 2. c4 dxc4 3. Nf3 Nf6 4. e3 Bg4 5. Bxc4 e6 6. h3 Bh5 7. Nc3 c5 {LiveBook: 6 Games. D25: Queen's Gambit Accepted: 4 e3: sidelines and 4...Bg4} (7... Nc6 8. Bb5 Bd6 9. e4 Bb4 10. Qa4 O-O 11. Bxc6 Bxc3+ 12. bxc3 bxc6 13. Nd2 c5 14. Ba3 Re8 15. O-O {1-0 (81) Dreev,A (2652)-Huschenbeth,N (2596) Bastia 2017}) 8. O-O Nc6 9. d5 exd5 {White has an edge.} 10. Nxd5 Be7 $146 ({Predecessor:} 10... Nxd5 11. Qxd5 Qxd5 12. Bxd5 Rc8 13. Bd2 Be7 14. Bc3 O-O 15. Rfd1 {1-0 (36) Brynell,S (2473)-Haugli,P (2288) Halmstad 2013}) 11. Nf4 Qxd1 12. Rxd1 Bxf3 $1 13. gxf3 g5 14. Ne2 Ne5 15. Bb5+ Kf8 16. f4 Nf3+ 17. Kg2 Nh4+ {[#]} 18. Kf1 $1 gxf4 19. Nxf4 Ng6 20. Ne2 {[%cal Bf4e2,Be2g3,Bg3f5][%mdl 32]} Kg7 21. Ng3 $36 {[%mdl 2048] Hoping for Nf5+. White has strong initiative.} Rhd8 22. Bd2 Kg8 23. Nf5 Bf8 24. Bc3 Ne4 25. Ba5 b6 26. Bc6 bxa5 27. Bxe4 Rab8 28. b3 Ne7 29. Nd6 a4 30. Nb7 Rxd1+ 31. Rxd1 axb3 32. axb3 Rc8 33. Ra1 Nc6 34. Ra6 Nb4 35. Rxa7 c4 36. bxc4 Rxc4 37. Bf3 Rc1+ 38. Kg2 Rc2 39. Nd8 Nd3 (39... Bc5 $142 40. Rxf7 Rd2) 40. Nxf7 $16 {[#] Strongly threatening Bd5.} Nxf2 41. Kg3 {aiming for Bd5.} Rd2 42. e4 (42. h4 $16) 42... Rd3 $1 $11 43. e5 {Black must now prevent Ng5.} Nxh3 $1 44. Kxh3 {Precision: White = 68%, Black = 69%.} 1/2-1/2

[Event "FIDE WCC 2018"]
[Site "Khanty-Mansiysk"]
[Date "2018.11.07"]
[Round "2.2"]
[White "Harika, Dronavalli"]
[Black "Khotenashvili, Bela"]
[Result "1/2-1/2"]
[WhiteElo "2498"]
[BlackElo "2477"]
[Annotator "TA"]
[PlyCount "40"]
[EventDate "2018.11.03"]
[EventType "k.o."]
[EventCountry "RUS"]
[SourceTitle "playchess.com"]
[Source "ChessBase"]
[SourceQuality "1"]

{[%evp 14,40,35,39,60,0,-1,-15,-11,-14,-5,-12,-8,-12,0,0,0,0,0,0,0,0,0,0,0,0,0,0,0]} 1. e4 c6 2. Nc3 d5 3. Nf3 dxe4 4. Nxe4 Nf6 5. Qe2 Bg4 6. h3 {B11: Caro-Kann: Two Knights Variation} Bxf3 (6... Bh5 7. Nxf6+ gxf6 8. g3 e6 9. Bg2 Na6 10. d3 Bd6 11. O-O Nc7 12. c4 Qd7 13. b3 {1-0 (51) Vachier Lagrave,M (2780)-Shimanov,A (2626) chess.com INT 2018}) 7. Nxf6+ gxf6 8. Qxf3 {LiveBook: 5 Games. White is slightly better.} Qd5 9. Qe3 $146 (9. Qb3 $14 Nd7 10. d4) ({Predecessor:} 9. Be2 Qxf3 10. Bxf3 e6 11. d4 Bd6 12. O-O Nd7 13. c4 {1-0 (30) Li,Y (2392)-Armstrong,M (2100) Bangkok 2017}) 9... Nd7 {The position is equal.} 10. d4 e5 11. Bd3 O-O-O 12. Be4 Qxd4 13. Qf3 Qc4 14. Bd3 Qd5 {[#] ...e4! is the strong threat.} 15. Be4 $1 {[%cal Re4d5]} Qb5 16. a4 Qc4 17. Bd3 Qd5 18. Be4 Qc4 19. Bd3 Qd5 {[#] Hoping for ...e4!} 20. Be4 Qc4 $1 {Precision: White = 79%, Black = 76%.} 1/2-1/2

[Event "FIDE WCC 2018"]
[Site "Khanty-Mansiysk"]
[Date "2018.11.07"]
[Round "2.2"]
[White "Zhao, Xue"]
[Black "Abdumalik, Zhansaya"]
[Result "1/2-1/2"]
[WhiteElo "2478"]
[BlackElo "2473"]
[Annotator "TA"]
[PlyCount "141"]
[EventDate "2018.11.03"]
[EventType "k.o."]
[EventCountry "RUS"]
[SourceTitle "playchess.com"]
[Source "ChessBase"]
[SourceQuality "1"]

{[%evp 24,141,25,25,21,12,21,21,70,55,64,49,48,41,47,41,69,58,28,30,9,0,0,0,0,0,0,0,0,0,0,0,0,0,0,0,0,0,0,0,0,0,6,6,6,6,6,0,16,16,16,22,22,0,0,0,109,109,109,109,109,109,109,25,25,25,26,26,26,26,26,26,26,0,25,25,25,25,25,0,0,0,25,25,25,25,25,25,25,25,25,25,26,25,25,25,25,25,25,0,0,0,0,0,0,0,0,0,0,0,0,0,0,0,0,0,0,0,0,0]} 1. d4 Nf6 2. c4 g6 3. Nc3 d5 4. cxd5 Nxd5 5. Bd2 Bg7 6. e4 Nxc3 7. Bxc3 O-O 8. Qd2 c5 {D85: Exchange Grünfeld: Unusual White 7th moves and lines with 7 Nf3} 9. d5 e6 10. Bc4 Bxc3 11. bxc3 exd5 12. Bxd5 Nd7 13. Nf3 {LiveBook: 14 Games} Nf6 14. O-O Nxd5 15. exd5 {[#]} Kg7 $146 ({Predecessor:} 15... Qd6 16. Rfe1 {1-0 (54) Moiseenko,A (2707)-Rodshtein,M (2671) St Petersburg 2014}) 16. Rfe1 Bf5 17. c4 Qf6 18. Ne5 Rfe8 19. f4 h5 20. h3 Rad8 21. a4 Qa6 22. Qc3 {[#] Black must now prevent Nc6+.} f6 23. Nf3 Qd6 $1 24. Qd2 Qa6 25. Qb2 Qxc4 26. Rxe8 Rxe8 27. Qxb7+ Kg8 28. Qb5 Qxb5 29. axb5 $11 {[%mdl 4096] Endgame KRB-KRN} Rb8 30. Rxa7 Rxb5 31. Nh4 Rb1+ 32. Kf2 Rd1 33. Nxf5 gxf5 {KR-KR} 34. Kg3 Rxd5 35. Rc7 c4 36. Kh4 Rd2 37. g3 Rd3 38. Rc5 c3 39. Rxf5 c2 (39... Kf7 $11 {keeps the balance.}) 40. Rc5 $16 Rd5 41. Rxc2 Kg7 42. Rc6 Kg6 43. g4 ({Better is} 43. Ra6 $16) 43... hxg4 $11 44. hxg4 ({Resist} 44. Kxg4 $6 Rb5 $16) 44... Rd4 45. f5+ Kg7 $1 46. Rc7+ Kh6 $1 47. Rc8 Kg7 48. Kg3 Rb4 49. Rd8 Ra4 50. Kf3 Rb4 51. Rd7+ Kh6 52. Rd8 Kg7 53. Re8 Ra4 54. Re4 Ra7 55. Ke3 Rd7 56. Rc4 Re7+ 57. Kf4 Kf7 58. Re4 {And now Rxe7+ would win.} Ra7 59. Ke3 Rd7 60. Rd4 Re7+ 61. Kd3 Kg7 {The position is equal.} 62. Rd8 Re1 {[#] Threatens to win with ...Rd1+.} 63. Rc8 (63. Kc3 {keeps more tension.} Re5 64. Kc4 Re2 65. Rd6 Rg2 66. Ra6) 63... Rg1 64. Rc4 Kh6 65. Ke3 Kg5 66. Kf3 Rf1+ 67. Kg2 Ra1 68. Rd4 Ra2+ 69. Kf3 Ra3+ 70. Kf2 Ra2+ 71. Kf3 {Precision: White = 72%, Black = 75%.} 1/2-1/2

[Event "FIDE WCC 2018"]
[Site "Khanty-Mansiysk"]
[Date "2018.11.07"]
[Round "2.2"]
[White "Saduakassova, Dinara"]
[Black "Stefanova, Antoaneta"]
[Result "1/2-1/2"]
[WhiteElo "2474"]
[BlackElo "2490"]
[Annotator "TA"]
[PlyCount "134"]
[EventDate "2018.11.03"]
[EventType "k.o."]
[EventCountry "RUS"]
[SourceTitle "playchess.com"]
[Source "ChessBase"]
[SourceQuality "1"]

{[%evp 20,134,10,6,34,15,12,17,20,28,35,13,44,24,29,17,49,45,31,38,52,60,56,46,57,29,23,25,56,60,121,107,112,116,82,26,20,13,36,46,38,42,77,58,58,56,131,109,118,82,86,87,84,45,33,31,37,49,47,42,42,44,92,84,93,93,105,110,100,113,108,130,116,81,112,8,7,0,0,0,0,0,21,0,15,0,0,0,0,0,0,0,35,17,16,17,21,3,6,4,7,0,0,0,0,0,0,0,4,0,0,0,0,0,0,0,0]} 1. e4 e5 2. Nf3 Nc6 3. Bc4 Bc5 4. c3 Nf6 5. d3 d6 6. O-O h6 7. Re1 O-O {C54: Giuoco Piano: 4 c3 Nf6, main lines with 5 d4 and 5 d3} 8. Nbd2 {[%cal Bb1d2,Bd2f1,Bf1g3][%mdl 32]} a5 (8... a6 9. a4 Ba7 10. Nf1 Be6 11. Bxe6 fxe6 12. Be3 Bxe3 13. Rxe3 a5 14. Ng3 Qe8 15. Qb3 {½-½ (30) Vocaturo,D (2615)-Mamedyarov,S (2820) Batumi 2018}) 9. Nf1 Be6 10. Bb5 Ne7 11. d4 {LiveBook: 6 Games} Ba7 12. Ng3 Ng6 13. h3 c6 14. Bd3 {[#]} Re8 $146 ({Predecessor:} 14... Nh7 15. Nf5 {0-1 (52) Lu,S (2628)-Wen,Y (2602) Huocheng County 2017}) 15. Be3 Bb8 16. Qc2 a4 17. c4 Nh7 18. d5 Bd7 19. Rad1 $36 {[%mdl 2048] White has some pressure.} Ng5 20. Nxg5 hxg5 21. dxc6 Bxc6 22. c5 Nf4 23. Nf5 dxc5 24. Bb5 Qf6 (24... Qa5 $14 25. Bxc6 bxc6) 25. Bxc6 $16 ({Of course not} 25. Qxc5 $6 Ra5 $11) 25... Qxc6 {[#]} 26. Rd8 $1 ({Don't play} 26. Qxc5 $6 Qxe4 27. Ne7+ Kh8 $14) 26... Kh7 {[#]} 27. Rxe8 (27. Red1 $1 $16) 27... Qxe8 $11 28. Bxc5 g6 29. Ne3 Qc6 30. Rd1 Ne6 31. Be7 Qxc2 32. Nxc2 Ra6 (32... Ba7 $14) 33. Rd7 Rb6 34. Ba3 Kg7 35. Ne3 Ba7 36. Nc4 Rc6 $1 {[%cal Rc6c4]} 37. b3 axb3 38. axb3 Bd4 39. Rxb7 Nf4 40. Kf1 Kg8 41. Rb5 f6 42. Rb8+ Kg7 43. Rb7+ Kg8 44. Rd7 Bc5 45. Bxc5 Rxc5 $16 {[%mdl 4096] Endgame KRN-KRN} 46. g3 Ne6 47. Ne3 ({White should try} 47. Rb7 $16) 47... Rc1+ $1 $11 48. Kg2 Nc5 49. Ra7 {Threatens to win with Nd5.} Nxe4 50. b4 Kf8 51. f3 Nd6 52. Ng4 Rc2+ 53. Kg1 e4 54. Rd7 Rc6 55. Nxf6 exf3 56. Kf2 Nf7 $1 {The position is equal.} 57. Ng4 {Hoping for Rxf7+!} Rc3 58. b5 {aiming for b6.} Rb3 59. Rd5 Ke7 60. Rc5 Nd6 {Strongly threatening ...Ne4+.} 61. Re5+ Kf7 62. Re3 Rxb5 63. Kxf3 Nc4 64. Re1 Rb3+ 65. Kf2 Rb2+ 66. Re2 Rxe2+ 67. Kxe2 Ke6 {Precision: White = 51%, Black = 58%.} 1/2-1/2

[Event "FIDE WCC 2018"]
[Site "Khanty-Mansiysk"]
[Date "2018.11.07"]
[Round "2.2"]
[White "Batsiashvili, Nino"]
[Black "Zhai, Mo"]
[Result "0-1"]
[WhiteElo "2465"]
[BlackElo "2352"]
[Annotator "TA"]
[PlyCount "106"]
[EventDate "2018.11.03"]
[EventType "k.o."]
[EventCountry "RUS"]
[SourceTitle "playchess.com"]
[Source "ChessBase"]
[SourceQuality "1"]

{[%evp 10,106,26,17,27,31,37,33,37,37,26,16,21,14,15,17,31,-35,-8,-37,-31,-20,-27,-19,-20,-16,-40,-65,4,-19,0,-26,0,-341,-353,-353,-355,-365,-351,-516,-505,-491,-391,-481,-480,-474,-452,-404,-429,-372,-368,-497,-368,-517,-385,-377,-363,-361,0,-532,-523,-606,-581,-668,-650,-627,-623,-758,-751,-841,-834,-834,-820,-795,-689,-964,-930,-29958,-29962,-29955,-29963,-29948,-29956,-29980,-29981,-29980,-29980,-29980,-29981,-29990,-29991,-29993,-29981,-29992,-29993,-29996,-29997,-29998,-29999]} 1. Nf3 d5 2. e3 Nf6 3. c4 dxc4 4. Bxc4 e6 5. O-O (5. b3 c5 6. Bb2 Nc6 7. O-O Be7 8. d4 cxd4 9. Nxd4 Nxd4 10. Bxd4 O-O 11. Be2 b6 12. Nc3 Bb7 {½-½ (12) Grachev,B (2626)-Lysyj,I (2631) Sochi 2018}) 5... a6 6. b3 {LiveBook: 15 Partien. A09: Reti-Eröffnung} b5 7. Be2 Bb7 8. a4 {Weiß steht etwas besser.} b4 9. Bb2 c5 $146 ({Vorgänger:} 9... Nbd7 10. d3 Be7 11. Nbd2 O-O 12. Nc4 {½-½ (12) Libiszewski,F (2495)-Godena,M (2521) Sibenik 2012}) 10. Ne5 Be7 {[%cal Bf8e7,Be7g5,Bg5h6][%mdl 32]} 11. d3 O-O 12. Nd2 Nbd7 13. f4 ({Lieber} 13. Nxd7 $14 Nxd7 14. Rc1) 13... Nd5 14. Ndc4 Nxe5 15. fxe5 Bg5 16. Qd2 a5 17. Rae1 Ba6 $36 {[%mdl 2048] Droht ...Lxc4 und aus. Schwarz kämpft um Vorteil.} 18. Rf3 Rb8 (18... Bxc4 $1 $15 19. bxc4 Ne7) 19. Rc1 Bh6 20. Rg3 Qh4 {Droht stark ...Lxc4.} (20... Rc8 {feels hotter.} 21. Rd1 Ne7 22. Rh3 Bxc4 23. dxc4 Qxd2 24. Rxd2 Bg5) 21. Bf1 $2 {[%mdl 8192]} (21. Qe1 $11 Qd8 22. d4) 21... Bxc4 $19 22. Rxc4 {[#]} Qxg3 $1 {[%mdl 512]} 23. hxg3 Bxe3+ 24. Qxe3 (24. Qf2 $142) 24... Nxe3 25. Rxc5 Rbc8 26. Rxa5 Rfd8 27. Rb5 Nd1 (27... Rc2 $2 {[#]} 28. Bd4 $1 $19 {[%mdl 512]}) 28. Ba1 Rc1 29. Bd4 f6 30. Ba7 Ra8 31. Bb6 (31. Bd4 {war erzwungen.} Nc3 32. Rc5) 31... Rf8 32. Bc5 Rc8 33. Ba7 Ra8 (33... fxe5 $142 34. Rxe5 Nb2) 34. Bb6 $1 Nc3 35. Rxb4 Nd5 36. Rb5 {und die Idee exf6 ließe Weiss weiter hoffen.} Nxb6 (36... Nc3 $2 37. Be3 $19) 37. Rxb6 fxe5 {[%mdl 4096] Endspiel KTT-KTL} 38. g4 Rf8 39. a5 Rfxf1+ 40. Kh2 Ra1 41. a6 Rf2 42. b4 Raa2 43. Kh3 Rxg2 {Schwarz setzt Matt.} 44. Rxe6 Rgd2 45. Kh4 Rxd3 46. Kg5 Rf3 47. Rb6 {[#]} Rf6 $1 48. Rb8+ (48. Rxf6 gxf6+) 48... Rf8 49. Rb6 h6+ 50. Kh4 Rf6 51. Rb8+ Kh7 52. b5 Rf3 {[%cal Ra2h2]} 53. g5 Ra4+ {Precision: Weiß = 41%, Schwarz = 73%.} 0-1

[Event "FIDE WCC 2018"]
[Site "Khanty-Mansiysk"]
[Date "2018.11.07"]
[Round "2.2"]
[White "Pogonina, Natalija"]
[Black "Zhu, Jiner"]
[Result "1-0"]
[WhiteElo "2465"]
[BlackElo "2379"]
[Annotator "TA"]
[PlyCount "89"]
[EventDate "2018.11.03"]
[EventType "k.o."]
[EventCountry "RUS"]
[SourceTitle "playchess.com"]
[Source "ChessBase"]
[SourceQuality "1"]

{[%evp 9,89,20,25,14,21,22,29,27,31,32,44,31,49,48,39,0,25,22,36,19,17,28,14,10,28,-8,0,0,0,0,0,-46,-11,-26,0,0,294,291,277,251,287,276,283,256,441,443,438,429,441,406,437,432,412,411,410,369,403,351,363,356,449,438,400,378,651,389,456,356,600,428,12833,12834,12833,1492,1348,1349,1258,846,29983,29984,29984,29978]} 1. d4 f5 2. Nf3 Nf6 3. Bf4 g6 4. e3 Bg7 5. Bc4 e6 {LiveBook: 16 Games} 6. O-O {A80: Dutch Defence: Unusual White second moves} (6. Nc3 d5 7. Be2 c6 8. Ne5 Nbd7 9. h4 Nxe5 10. Bxe5 h6 11. f3 O-O 12. Qd2 Nh5 13. Bxg7 Kxg7 {1-0 (31) Agrest,E (2584)-Barseghyan,H (2467) chess.com INT 2018}) 6... O-O 7. a4 $146 ({Predecessor:} 7. Nbd2 b6 8. c3 Bb7 9. Re1 Nc6 10. h3 Ne4 11. Bd3 d5 12. Rc1 Qe7 13. Bf1 Rac8 14. b4 Nd8 15. Ne5 Nf7 16. Nxf7 Rxf7 17. b5 Nxd2 18. Qxd2 Qd8 19. c4 g5 20. Bg3 {1-0 (20) Owens,J (2189)-Jansen,U (2166) ICCF email 2016}) 7... h6 8. a5 {White has an edge.} d6 9. h3 Qe7 10. Nc3 Kh7 11. Bh2 a6 12. Qe2 Nbd7 13. Ba2 e5 14. dxe5 (14. Qc4 {seems wilder.} e4 15. Nd2 Nb8 16. d5 Ne8 17. Nb3) 14... Nxe5 15. Nxe5 dxe5 16. Rfd1 Bd7 17. Bd5 (17. e4 {is more complex.} f4 18. f3 Qb4 19. Kh1 Rfd8 20. Bg1) 17... Bb5 18. Nxb5 Nxd5 19. Na3 Rad8 20. Rd2 e4 21. c3 g5 22. Nc2 Be5 $2 {[%mdl 8192]} (22... Qf7 $11) 23. Bxe5 $18 Qxe5 24. Rad1 $1 Rd6 25. Qc4 $1 Rfd8 26. Qb3 b5 $2 (26... R8d7 27. Qxb7 Kg6) 27. axb6 $1 Rxb6 28. Nb4 c6 {[#]} 29. Nxc6 $1 {[%mdl 512]} Rxc6 30. Rxd5 Rxd5 31. Rxd5 {[%mdl 4096] Endgame KQR-KQR} ({Not} 31. Qxd5 Qxd5 32. Rxd5 Kg6 $16) 31... Qe6 32. c4 f4 33. Qb7+ Kg6 34. b3 fxe3 35. fxe3 Rb6 36. Qc7 Qf6 $2 (36... Rc6 37. Qg3 Qf6) 37. Kh2 Re6 38. Qd7 g4 $2 (38... Re7 39. Qc8 Qe6) 39. Qc8 {Intending Qg8+ and mate.} h5 (39... Kf7 $142 40. Rd7+ Re7 41. Rxe7+ Qxe7 42. Qxg4 Qb7 43. Qf4+ Ke7 44. Qxh6 Qxb3 45. Qh7+ Kd8 46. Qh8+ Kc7 47. Qe5+ Kc8 48. Qc5+ Kd8) 40. Qg8+ Kh6 {[#]} 41. c5 (41. Rxh5+ $142 $3 {[%mdl 512]} Kxh5 42. hxg4+ Kh6 {[#]} 43. g5+ $1 {[%mdl 512]} Qxg5 44. Qxe6+ Kg7 45. Qxe4) 41... Rc6 42. Qe8 g3+ 43. Kxg3 h4+ 44. Kh2 Kg7 45. Qd7+ {Precision: White = 65%, Black = 35%.} 1-0

[Event "FIDE WCC 2018"]
[Site "Khanty-Mansiysk"]
[Date "2018.11.07"]
[Round "2.2"]
[White "Lei, Tingjie"]
[Black "Dzagnidze, Nana"]
[Result "1-0"]
[WhiteElo "2457"]
[BlackElo "2516"]
[Annotator "TA"]
[PlyCount "99"]
[EventDate "2018.11.03"]
[EventType "k.o."]
[EventCountry "RUS"]
[SourceTitle "playchess.com"]
[Source "ChessBase"]
[SourceQuality "1"]

{[%evp 21,99,8,27,19,31,32,27,21,18,14,40,28,45,35,38,25,41,22,106,100,93,102,105,113,137,123,148,156,183,169,177,148,246,244,228,222,231,222,266,269,343,322,337,314,295,222,222,222,222,222,453,442,453,446,439,457,410,417,467,508,509,501,479,455,903,889,812,764,816,738,1146,944,5314,5314,4786,4949,2234,1809,4810,3699]} 1. e4 c5 2. Nf3 {[%cal Bg1f3,Bf3d4,Bd4e2,Be2c3,Bc3d5][%mdl 32]} d6 3. d4 cxd4 4. Nxd4 Nf6 5. Nc3 a6 6. h3 e5 7. Nde2 h5 {B90: Sicilian Najdorf: Unusual White 6th moves, 6 Be3 Ng4 and 6 Be3 e5} (7... b5 8. Ng3 Nbd7 9. Bg5 h6 10. Be3 Bb7 11. Bd3 h5 12. Bg5 g6 13. O-O Be7 14. a3 h4 15. Nge2 Nc5 16. Bxf6 Bxf6 {1-0 (48) Dominguez Perez,L (2739)-Vachier Lagrave,M (2779) chess.com INT 2018}) 8. Nd5 Nxd5 9. Qxd5 Nc6 10. Qd1 Be6 11. Nc3 Be7 {LiveBook: 4 Games} 12. Nd5 Rc8 13. c3 Bg5 14. Bxg5 $146 ({Predecessor:} 14. h4 Bxc1 15. Rxc1 {½-½ (42) Chandra,A (2490)-Swiercz,D (2636) Atlantic City 2016}) 14... Qxg5 15. Ne3 O-O 16. h4 Qg6 17. Bd3 Ne7 18. Qf3 Qh6 19. O-O Qf4 (19... Rcd8 $11) 20. Qxh5 $16 g6 21. Qg5 Qxg5 22. hxg5 Kg7 23. Rfd1 Rh8 24. Be2 Rc6 25. Rd2 Rd8 26. c4 Rb8 (26... f5 $16 {might work better.}) 27. Rad1 $18 Nc8 28. g3 b5 29. b3 bxc4 30. Bxc4 ({Don't play} 30. Nxc4 Rc5 $18) 30... a5 31. Bxe6 fxe6 32. Nc4 a4 33. Nxd6 Nxd6 34. Rxd6 Rxd6 35. Rxd6 {[%mdl 4096] Endgame KR-KR} Kf7 $2 {[#]} (35... axb3 36. axb3 Kf7 37. Rd7+ Kf8) 36. Rd3 axb3 37. axb3 Ke7 38. Kg2 Rb4 39. Kf3 Ke8 40. Ke3 {White is clearly winning.} Ke7 41. f3 Rb8 42. Kd2 Rc8 (42... Ke8 $142 43. Kc3 Rc8+ 44. Kb4 Ke7) 43. b4 {[%cal Bb3b4,Bb4b5,Bb5b6,Bb6b7][%mdl 32]} Rc4 44. Rb3 Kd7 45. b5 Ra4 46. b6 {[#] Threatening mate with b7.} Kc8 47. b7+ Kb8 48. Rb6 Ra3 49. Ke2 Ra2+ 50. Kf1 {Precision: White = 92%, Black = 19%.} 1-0

[Event "FIDE WCC 2018"]
[Site "Khanty-Mansiysk"]
[Date "2018.11.07"]
[Round "2.2"]
[White "Hoang, Thanh Trang"]
[Black "Lagno, Kateryna"]
[Result "1/2-1/2"]
[WhiteElo "2448"]
[BlackElo "2556"]
[Annotator "TA"]
[PlyCount "58"]
[EventDate "2018.11.03"]
[EventType "k.o."]
[EventCountry "RUS"]
[SourceTitle "playchess.com"]
[Source "ChessBase"]
[SourceQuality "1"]

{[%evp 19,58,-18,-2,0,16,0,0,0,0,0,1,10,26,0,11,0,22,32,30,24,18,6,9,9,36,0,2,0,1,0,0,0,2,0,0,2,5,0,0,0,0]} 1. d4 Nf6 2. Nf3 g6 3. Bf4 Bg7 4. e3 O-O 5. Be2 c5 6. c3 Qb6 7. Qb3 {A48: 1 d4 Nf6 2 Nf3 g6: Torre, London and Colle Systems} d6 8. Nbd2 Be6 (8... cxd4 9. Qxb6 axb6 10. exd4 Bd7 11. O-O Nd5 12. Bg3 b5 13. a3 Bc6 14. Rfe1 Nd7 {½-½ (90) Pakleza,Z (2497)-Moranda,W (2599) Zgierz 2018}) 9. Bc4 Bxc4 10. Nxc4 Qa6 $146 {LiveBook: 3 Games} ({Predecessor:} 10... Qxb3 11. axb3 Nc6 12. h3 Nd5 13. Bh2 {½-½ (47) Arold,G-Terhuven,P (2108) Dortmund 2014}) 11. O-O cxd4 12. cxd4 Nc6 13. h3 b5 14. Ncd2 Qb6 15. Rfc1 Na5 16. Qd3 Rac8 17. Bg5 h6 18. Bxf6 Bxf6 19. Ne4 Bg7 20. Rc2 Qb7 21. Rac1 a6 (21... Rxc2 {is more complex.} 22. Rxc2 a6 23. Ne1 Nc4 24. Nd2 Nxd2 25. Qxd2 Rc8) 22. Rxc8 Rxc8 {The position is equal.} 23. Rxc8+ Qxc8 24. Qc3 Qxc3 25. Nxc3 e6 26. Kf1 Kf8 27. Ke2 Ke7 28. Kd3 Kd7 29. b3 Nc6 {Precision: White = 27%, Black = 47%.} 1/2-1/2

[Event "FIDE WCC 2018"]
[Site "Khanty-Mansiysk"]
[Date "2018.11.07"]
[Round "2.2"]
[White "Atalik, Ekaterina"]
[Black "Muzychuk, Mariya"]
[Result "0-1"]
[WhiteElo "2445"]
[BlackElo "2545"]
[Annotator "TA"]
[PlyCount "80"]
[EventDate "2018.11.03"]
[EventType "k.o."]
[EventCountry "RUS"]
[SourceTitle "playchess.com"]
[Source "ChessBase"]
[SourceQuality "1"]

{[%evp 13,80,31,37,31,40,27,42,31,32,28,34,37,22,37,28,15,22,0,0,0,8,-27,0,-18,-28,-36,0,0,41,49,62,39,33,12,12,4,58,54,50,13,191,188,272,207,194,-411,-415,-403,-411,-388,-409,-428,-412,-550,-539,-514,-486,-836,-834,-1393,-1377,-1578,-1520,-1723,-1739,-2831,-2150,-1864,-1269]} 1. d4 Nf6 2. c4 c5 3. d5 b5 4. Qc2 Na6 5. a3 bxc4 6. e4 {A57: Benko/Volga Gambit} g6 (6... e6 7. Nc3 exd5 8. exd5 Bd6 9. Bxc4 O-O 10. Nge2 Nc7 11. O-O Re8 12. Qd3 Rb8 {½-½ (40) Mamedyarov,S (2766)-Mihok,O (2505) chess.com INT 2017}) 7. Bxc4 Nc7 {LiveBook: 3 Games} 8. Nf3 {White is slightly better.} Bg7 9. O-O d6 10. h3 O-O 11. Nc3 Rb8 12. Rb1 Nd7 $146 ({Predecessor:} 12... e6 13. dxe6 Bxe6 14. Bxe6 Nxe6 {½-½ (21) Kallai,G (2505)-Adrian,C (2340) France 1997}) 13. Bf4 Nb6 14. Ba2 Ba6 15. Rfd1 Qd7 16. e5 Nb5 17. Ne2 Rfc8 18. e6 fxe6 19. dxe6 Qb7 20. Qd2 c4 21. Bh6 Bf6 22. Ng5 d5 23. Qf4 Nd6 {[%cal Bb5d6,Bd6e4,Be4f2][%mdl 32]} 24. Ng3 Qc7 (24... Na4 $11) 25. Qg4 $1 $14 c3 {And now ...c2 would win.} 26. bxc3 Qxc3 $2 (26... Bc4 $1 $11 {and Black is okay.} 27. Bxc4 Qxc4) 27. Nf7 $1 $18 {[%cal Rf7d6]} Qxa3 (27... Nbc4 $142) 28. Nh5 Ne4 {[#]} 29. Nf4 $4 {[%mdl 8192]} ({Much less strong is} 29. Bxd5 $6 Nxd5 30. Rxb8 (30. Qxe4 Rxb1 31. Nxf6+ exf6 $16) 30... Rxb8 $16) (29. Bb3 $1 $18 {and all is fine.}) 29... Qxa2 $19 30. Nxg6 {[%cal Rg6e7]} Qxf2+ 31. Kh1 {[%cal Rg6e7] [#]} Qe1+ $1 {[%mdl 512]} 32. Rxe1 {[%cal Rg6e7]} Nf2+ 33. Kh2 {[%cal Rg6e7]} Nxg4+ {Black is clearly winning.} 34. hxg4 {With the idea g5.} hxg6 35. g5 (35. Bf4 $142) 35... Bc3 36. Re3 d4 {[%cal Bd5d4,Bd4d3,Bd3d2][%mdl 32]} 37. Rh3 d3 38. Rf1 d2 39. Rf6 exf6 40. gxf6 Bxf6 {Precision: White = 49%, Black = 60%.} 0-1